000 00837nam2a2200241 4500
001 RU\NLR\ONL2\6786
005 20250613130131.0
035 _a(NLR Aleph) 009654381
090 _a9583698
_c9583698
100 _a20070305d1935 |||y0rusy50 ca
101 0 _asho
102 _aRU
105 _aa |||||||||
200 0 _aPol. 1
_e3-cy kl.
210 _d1935
_aБ. м.
215 _a124 c.
_cил.
461 0 _1001RU\NLR\ONL2\6785
_12001#$aGeografija$epasancь sk... yrg. ucebnik$fL. G. Terexova, V. G. Erdeli$vPol. 1
_1700#1$aTerexova$bL. G.$4070
_99583696
_aTerexova, L. G.
_cNovosibirsk
_d1935-1936
_e3-cezen sьq.
_fL. G. Terexova, V. G. Erdeli
_nOGIZ
_opasancь sk... yrg. ucebnik
_tGeografija
_vPol. 1
801 0 _aRU
_bNLR
_c20070305
_gPSBO
852 _aNLR
_bОНЛ
_jШор./3-59
942 _cBOOK
980 _aNB
980 _aONL_RF